Dr. S. R. Lasker Library Online Catalogue

Home      Library Home      Institutional Repository      E-Resources      MyAthens      EWU Home

The Oxford dictionary of difficult words / (Record no. 3526)

MARC details
000 -LEADER
fixed length control field 01473cam a2200349 a 4500
001 - CONTROL NUMBER
control field 3526
003 - CONTROL NUMBER IDENTIFIER
control field BD-DhEWU
005 - DATE AND TIME OF LATEST TRANSACTION
control field 20190122094250.0
008 - FIXED-LENGTH DATA ELEMENTS--GENERAL INFORMATION
fixed length control field 020228s2001 ii g d 000 0 eng d
020 ## - INTERNATIONAL STANDARD BOOK NUMBER
International Standard Book Number 0195146735
035 ## - SYSTEM CONTROL NUMBER
System control number (OCLC) 48665190
040 ## - CATALOGING SOURCE
Original cataloging agency UOK
Transcribing agency UOK
Modifying agency TXA
-- DLC
-- BD-DhEWU
Language of cataloging eng
041 ## - LANGUAGE CODE
Language code of text/sound track or separate title eng
050 00 - LIBRARY OF CONGRESS CALL NUMBER
Classification number PE1628
Item number .O8674 2001
082 00 - DEWEY DECIMAL CLASSIFICATION NUMBER
Classification number 423.3
Edition number 22
Item number OXF 2001
245 04 - TITLE STATEMENT
Title The Oxford dictionary of difficult words /
Statement of responsibility, etc edited by Archie Hobson.
246 3# - VARYING FORM OF TITLE
Title proper/short title Difficult words
260 ## - PUBLICATION, DISTRIBUTION, ETC. (IMPRINT)
Place of publication, distribution, etc New York :
Name of publisher, distributor, etc Oxford University Press,
Date of publication, distribution, etc c2001.
300 ## - PHYSICAL DESCRIPTION
Extent xii, 472 p. :
Dimensions 22 cm.
505 2# - FORMATTED CONTENTS NOTE
Formatted contents note How Words Are Built: Prefixes, Suffixes, and Combining Forms.
Title TOC
526 ## - STUDY PROGRAM INFORMATION NOTE
Program name Library
Requested Dept. (EWU) Other
590 ## - LOCAL NOTE (RLIN)
Local note Shaharima Parvin
650 #0 - SUBJECT ADDED ENTRY--TOPICAL TERM
Topical term or geographic name as entry element English language
General subdivision Usage
Form subdivision Dictionaries.
9 (RLIN) 13533
Topical term or geographic name as entry element English language
Form subdivision Dictionaries.
9 (RLIN) 13534
700 1# - ADDED ENTRY--PERSONAL NAME
Personal name Hobson, Archie,
Dates associated with a name 1946-
9 (RLIN) 13535
856 42 - ELECTRONIC LOCATION AND ACCESS
Materials specified Publisher description
Uniform Resource Identifier http://www.loc.gov/catdir/enhancements/fy0613/2002265510-d.html
Materials specified Contributor biographical information
Uniform Resource Identifier http://www.loc.gov/catdir/enhancements/fy0724/2002265510-b.html
Materials specified WorldCat details
Uniform Resource Identifier http://www.worldcat.org/title/oxford-dictionary-of-difficult-words/oclc/48665190&referer=brief_results
942 ## - ADDED ENTRY ELEMENTS (KOHA)
Source of classification or shelving scheme Dewey Decimal Classification
Koha item type Ref.
Holdings
Withdrawn status Lost status Source of classification or shelving scheme Damaged status Not for loan Collection code Home library Current library Shelving location Date acquired Cost, normal purchase price Total Checkouts Full call number Barcode Copy number Koha item type
    Dewey Decimal Classification   Not For Loan Reference Dr. S. R. Lasker Library, EWU Dr. S. R. Lasker Library, EWU Reference Section 10/12/2003 500.00   423.3 OXF 2001 13420 C-2 Ref.
    Dewey Decimal Classification   Not For Loan Reference Dr. S. R. Lasker Library, EWU Dr. S. R. Lasker Library, EWU Reference Section 10/12/2003 500.00   423.3 OXF 2001 13419 C-1 Ref.